Sports Quiz

Random Sports or Football Quiz

International Football XIs: Italy Quiz Stats

 Plays Quiz Updated Dec 28, 2017

Challenge
Share
Tweet
Embed
Score 0/253 Timer 20:00
39 Plays Today
% Correct
Gianluigi Buffon
98.5%
Gianluigi Buffon
98.5%
Gianluigi Buffon
98.5%
Gianluigi Buffon
98.4%
Gianluigi Buffon
98.2%
Gianluigi Buffon
98.2%
Gianluigi Buffon
98.2%
Gianluigi Buffon
98.2%
Gianluigi Buffon
98.2%
Gianluigi Buffon
98.2%
Gianluigi Buffon
98.2%
Gianluigi Buffon
98.2%
Gianluigi Buffon
98.2%
Gianluigi Buffon
98.2%
Gianluigi Buffon
98.2%
Gianluigi Buffon
98.2%
Gianluigi Buffon
98.1%
Andrea Pirlo
92.1%
Andrea Pirlo
92.1%
Andrea Pirlo
92.1%
Andrea Pirlo
92.1%
Andrea Pirlo
92.1%
Andrea Pirlo
92.1%
Andrea Pirlo
92.1%
Andrea Pirlo
92.1%
Andrea Pirlo
92.1%
Andrea Pirlo
91.9%
Andrea Pirlo
91.8%
Giorgio Chiellini
90.7%
Giorgio Chiellini
89.7%
Giorgio Chiellini
88.7%
Francesco Totti
88.2%
Francesco Totti
88.2%
Francesco Totti
88.2%
Mario Balotelli
87.9%
Giorgio Chiellini
87.7%
Mario Balotelli
87.6%
Paolo Maldini
87.4%
Paolo Maldini
87.3%
Paolo Maldini
87.3%
Paolo Maldini
87.3%
Paolo Maldini
87.3%
Paolo Maldini
87.3%
Paolo Maldini
87.3%
Leonardo Bonucci
87%
Daniele De Rossi
86.9%
Daniele De Rossi
86.4%
Leonardo Bonucci
86.4%
Fabio Cannavaro
85.7%
Fabio Cannavaro
85.7%
Fabio Cannavaro
85.7%
Fabio Cannavaro
85.7%
Fabio Cannavaro
85.7%
Fabio Cannavaro
85.7%
Fabio Cannavaro
85.7%
Fabio Cannavaro
85.7%
Fabio Cannavaro
85.7%
Fabio Cannavaro
85.7%
Fabio Cannavaro
85.7%
Fabio Cannavaro
85.7%
Fabio Cannavaro
85.7%
Daniele De Rossi
85.1%
Giorgio Chiellini
85%
Giorgio Chiellini
84.8%
Giorgio Chiellini
84.8%
Giorgio Chiellini
84.8%
Giorgio Chiellini
84.8%
Giorgio Chiellini
84.8%
Daniele De Rossi
84.6%
Alessandro Del Piero
84.5%
Alessandro Del Piero
84.5%
Alessandro Del Piero
84.5%
Alessandro Del Piero
84.5%
Daniele De Rossi
84.5%
Daniele De Rossi
84.5%
Daniele De Rossi
84.5%
Daniele De Rossi
84.5%
Daniele De Rossi
84.5%
Daniele De Rossi
84.5%
Daniele De Rossi
84.5%
Daniele De Rossi
84.5%
Leonardo Bonucci
84%
Andrea Barzagli
82.7%
Andrea Barzagli
82%
Alessandro Nesta
81.8%
% Correct
Alessandro Nesta
81.8%
Alessandro Nesta
81.8%
Alessandro Nesta
81.8%
Alessandro Nesta
81.8%
Alessandro Nesta
81.8%
Alessandro Nesta
81.8%
Leonardo Bonucci
80.1%
Gennaro Gattuso
79%
Gennaro Gattuso
79%
Gennaro Gattuso
79%
Gennaro Gattuso
79%
Gennaro Gattuso
79%
Filippo Inzaghi
75.7%
Filippo Inzaghi
75.7%
Filippo Inzaghi
75.7%
Leonardo Bonucci
75.2%
Luca Toni
75.1%
Luca Toni
75.1%
Luca Toni
75.1%
Luca Toni
75.1%
Leonardo Bonucci
74%
Leonardo Bonucci
74%
Gianluca Zambrotta
73.4%
Gianluca Zambrotta
73.4%
Gianluca Zambrotta
73.4%
Gianluca Zambrotta
73.4%
Gianluca Zambrotta
73.4%
Gianluca Zambrotta
73.4%
Gianluca Zambrotta
73.4%
Gianluca Zambrotta
73.4%
Gianluca Zambrotta
73.4%
Gianluca Zambrotta
73.4%
Dino Baggio
72.9%
Dino Baggio
72.9%
Dino Baggio
72.9%
Andrea Barzagli
72.3%
Andrea Barzagli
72.3%
Christian Vieri
71.9%
Christian Vieri
71.9%
Christian Vieri
71.9%
Christian Vieri
71.9%
Christian Vieri
71.9%
Christian Vieri
71.9%
Ciro Immobile
70.9%
Marco Materazzi
68.6%
Marco Materazzi
68.6%
Marco Materazzi
68.6%
Claudio Marchisio
65.9%
Fabio Grosso
63.8%
Fabio Grosso
63.8%
Fabio Grosso
63.8%
Francesco Toldo
63.8%
Claudio Marchisio
63.6%
Claudio Marchisio
63.6%
Giuseppe Rossi
63%
Graziano Pellè
62.5%
Graziano Pellè
62.3%
Lorenzo Insigne
61.2%
Marco Verratti
60.4%
Alessandro Costacurta
60.1%
Alessandro Costacurta
60.1%
Alessandro Costacurta
60.1%
Alessandro Costacurta
60.1%
Mauro Camoranesi
59.6%
Mauro Camoranesi
59.6%
Mauro Camoranesi
59.6%
Mauro Camoranesi
59.6%
Antonio Cassano
58.3%
Antonio Cassano
58.3%
Antonio Di Natale
57.9%
Antonio Di Natale
57.9%
Alberto Gilardino
57.4%
Alberto Gilardino
57.4%
Alberto Gilardino
57.4%
Alberto Gilardino
57.4%
Matteo Darmian
56.9%
Éder
56.4%
Gianfranco Zola
56%
Gianfranco Zola
56%
Gianfranco Zola
56%
Ciro Immobile
55.9%
Angelo Peruzzi
55.8%
Angelo Peruzzi
55.8%
Angelo Peruzzi
55.8%
Matteo Darmian
54.4%
% Correct
Massimo Ambrosini
54.1%
Antonio Candreva
53.7%
Riccardo Montolivo
53.4%
Riccardo Montolivo
53.4%
Riccardo Montolivo
53.4%
Éder
53.2%
Antonio Candreva
53%
Riccardo Montolivo
52.9%
Ignazio Abate
52.2%
Antonio Candreva
51.8%
Marco Verratti
50.5%
Matteo Darmian
50.1%
Andrea Belotti
49.8%
Mattia De Sciglio
49.8%
Antonio Candreva
49.2%
Gianluca Pagliuca
49%
Demetrio Albertini
48.3%
Demetrio Albertini
48.3%
Demetrio Albertini
48.3%
Demetrio Albertini
48.3%
Demetrio Albertini
48.3%
Demetrio Albertini
48.3%
Christian Panucci
48%
Christian Panucci
48%
Christian Panucci
48%
Christian Panucci
48%
Mattia De Sciglio
47.3%
Antonio Candreva
44.9%
Simone Perrotta
42.7%
Simone Perrotta
42.7%
Simone Perrotta
42.7%
Luigi Di Biagio
42.5%
Luigi Di Biagio
42.5%
Stephan El Shaarawy
42.2%
Fabrizio Ravanelli
41.7%
Vincenzo Iaquinta
41%
Angelo Di Livio
40.4%
Angelo Di Livio
40.4%
Emanuele Giaccherini
40.3%
Massimo Oddo
38.9%
Roberto Di Matteo
38.6%
Roberto Di Matteo
38.6%
Roberto Di Matteo
38.6%
Alessandro Florenzi
38.3%
Marco Parolo
37.9%
Ciro Ferrara
36.2%
Ciro Ferrara
36.2%
Gianluca Pessotto
36.2%
Cristiano Zanetti
35.6%
Cristiano Zanetti
35.6%
Marco Parolo
34.9%
Federico Marchetti
34%
Emanuele Giaccherini
33.2%
Alessio Tacchinardi
31.6%
Stefano Fiore
31.1%
Stefano Fiore
31.1%
Stefano Fiore
31.1%
Stefano Fiore
31.1%
Mark Iuliano
30.4%
Damiano Tommasi
30%
Damiano Tommasi
30%
Pierluigi Casiraghi
29.7%
Pierluigi Casiraghi
29.7%
Christian Maggio
29%
Francesco Coco
28.7%
Francesco Coco
28.7%
Simone Pepe
28.4%
Christian Maggio
28.4%
Federico Balzaretti
28.1%
Federico Balzaretti
28.1%
Christian Zaccardo
26.7%
Domenico Criscito
24.4%
Andrea Ranocchia
22.1%
Diego Fuser
20.1%
Antonio Benarrivo
17.7%
Simone Barone
17.5%
Luigi Apolloni
15.9%
Angelo Palombo
15.6%
Eusebio Di Francesco
15.3%
Amedeo Carboni
14.9%
Roberto Soriano
14.4%
Francesco Moriero
13.8%
Lorenzo Minotti
10.4%

You're not logged in!

Compare scores with friends on all Sporcle quizzes.
OR
Log In

You Might Also Like...

Show Comments

Extras

Top Quizzes Today


Score Distribution

Your Account Isn't Verified!

In order to create a playlist on Sporcle, you need to verify the email address you used during registration. Go to your Sporcle Settings to finish the process.

Report this User

Report this user for behavior that violates our Community Guidelines.

Details: